[Event "AaM"]
[Site "Aarhus"]
[Date "1984.??.??"]
[Round "4"]
[White "Brautsch, Soren"]
[Black "Hjorth, Torben"]
[Result "1-0"]
[WhiteElo "2200"]
[BlackElo "2200"]

1. e4 d6 2. d4 Nf6 3. Nc3 g6 4. Bg5 Nbd7 5. f4 h6 6. Bh4 Nh5 7. f5 Bg7
8. Nd5 Nhf6 9. fxg6 fxg6 10. Nf4 Nf8 11. Bxf6 Bxf6 12. Bc4 c6 13. Nf3
Qb6 14. Qd2 Bd7 15. O-O-O O-O-O 16. Rhe1 Bg4 17. Kb1 Bxf3 18. gxf3 Bg5
19. Qg2 Bxf4 20. Qg4+ Nd7 21. Qxf4 e5 22. Qg3 exd4 23. Qxd6 c5 24. Qg3
Rhe8 25. e5 Re7 26. e6 Nf8 27. Qh4 Rde8 28. Qxh6 Qc6 29. Re5 Qxf3 30.
Rf1 Rh7 31. Qg5 Qh3 32. Rxc5+ Kb8 33. Qf4+ Ka8 34. Qxf8 Rh8 35. Qf3 1-0

[Event "AaM"]
[Site "Aarhus"]
[Date "1984.??.??"]
[Round "4"]
[White "Jacobsen, Bo"]
[Black "Rasmussen, Karsten"]
[Result "0-1"]
[WhiteElo "2325"]
[BlackElo "2200"]

1. g3 d5 2. c4 c6 3. Nf3 Nf6 4. b3 Bf5 5. Bg2 e6 6. O-O Nbd7 7. d3 h6
8. Bb2 Bc5 9. Qc1 O-O 10. Bc3 Qe7 11. Qb2 a5 12. a3 Bd6 13. Nbd2 e5
14. b4 d4 15. Bxd4 exd4 16. Nxd4 Bg6 17. Rab1 axb4 18. axb4 Ra4 19. c5
Be5 20. Qb3 Ra6 21. Nc2 Rd8 22. f4 Bd4+ 23. Kh1 Bxc5 24. bxc5 Nxc5 25.
Qc3 Qxe2 26. Qxc5 Qxd2 27. Nb4 Nd7 28. Qe7 Raa8 29. g4 Nf6 30. Qxb7
Rab8 31. Qc7 Rbc8 32. Qb6 Nxg4 33. Nxc6 Re8 34. Rbd1 Qe3 35. Qb7 Nf2+
36. Rxf2 Qxf2 37. Ne7+ Kh8 38. Rf1 Rb8 39. Qd7 Qe2 40. Nxg6+ fxg6 0-1

[Event "AaM"]
[Site "Aarhus"]
[Date "1984.??.??"]
[Round "4"]
[White "Jensen, Vagn"]
[Black "Christensen, Jan Schleicher"]
[Result "1-0"]
[WhiteElo "2205"]
[BlackElo "2200"]

1. e4 e5 2. Nf3 Nc6 3. Bb5 f5 4. d4 Nxd4 5. Nxd4 exd4 6. O-O Nf6 7. e5
Ne4 8. Nd2 Nxd2 9. Bxd2 Bc5 10. b4 Be7 11. Bc4 b5 12. Bd5 c6 13. Bb3
Qc7 14. Re1 Bb7 15. a4 c5 16. bxc5 Qc6 17. f3 Bxc5 18. axb5 d3+ 19. Kh1
dxc2 20. bxc6 cxd1=Q 21. cxd7+ Kxd7 22. Rexd1 Ke8 23. Rac1 Bb6 24. Bb4
Rd8 25. e6 1-0

[Event "AaM"]
[Site "Aarhus"]
[Date "1984.??.??"]
[Round "4"]
[White "Sorensen, Torben N"]
[Black "Schmidt, Kristen"]
[Result "0-1"]
[WhiteElo "2200"]
[BlackElo "2235"]

1. Nf3 c5 2. c4 Nc6 3. g3 g6 4. Bg2 Bg7 5. Nc3 d6 6. O-O Nf6 7. d4 cxd4
8. Nxd4 Bd7 9. Nc2 O-O 10. b3 Rc8 11. Bb2 Qa5 12. Nd5 Nxd5 13. Bxg7
Kxg7 14. Qxd5 Qxd5 15. Bxd5 Na5 16. Rfc1 Rc7 17. Ne3 Rfc8 18. b4 e6
19. Bxe6 Bxe6 20. bxa5 d5 21. c5 Rxc5 22. Rxc5 Rxc5 23. Rb1 Rxa5 24.
Rxb7 Rxa2 25. h4 a5 26. Ra7 d4 27. Ng2 Ra1+ 28. Kh2 a4 29. Nf4 Bb3 30.
Nd3 a3 31. Nb4 a2 32. Ra3 Be6 33. Ra4 d3 0-1

[Event "AaM"]
[Site "Aarhus"]
[Date "1984.??.??"]
[Round "5"]
[White "Christensen, Jan Schleicher"]
[Black "Brautsch, Soren"]
[Result "1-0"]
[WhiteElo "2200"]
[BlackElo "2200"]

1. Nc3 e5 2. Nf3 Nc6 3. e4 Nf6 4. d4 exd4 5. Nd5 Nxe4 6. Qe2 f5 7. Bf4
d6 8. O-O-O Ne7 9. Nxd4 Nxd5 10. Nxf5 Bxf5 11. Rxd5 Qd7 12. f3 O-O-O
13. fxe4 Bg4 14. Qe3 Qa4 15. Kb1 c5 16. Rd3 Re8 17. Qg3 Be6 18. b3 Qxe4
19. Re3 Qc6 20. Be2 Bf5 21. Rxe8+ Qxe8 22. Bf3 Qg6 23. Qf2 Be4 24. Re1
Bxf3 25. Qxf3 Qf7 26. Qg4+ Kc7 27. Qg5 b6 28. Bg3 h6 29. Qh4 g5 30. Qe4
Qd7 31. Qa8 Bg7 32. Bxd6+ Qxd6 33. Qxa7+ Kc6 34. Qxg7 Rd8 35. Qf7 Rd7
36. Qe8 Kc7 37. Qg8 Qd5 38. Qxd5 Rxd5 39. Re7+ Kc6 40. Re6+ Rd6 41.
Rxd6+ Kxd6 42. Kc1 Kd5 43. Kd2 Ke4 44. a4 g4 45. c3 h5 46. b4 cxb4 47.
cxb4 h4 48. a5 bxa5 49. bxa5 h3 50. gxh3 gxh3 51. a6 Kf3 52. Ke1 Kg2
53. a7 Kxh2 54. Kf2 Kh1 55. a8=Q+ Kh2 56. Qg8 Kh1 57. Qg1# 1-0

[Event "AaM"]
[Site "Aarhus"]
[Date "1984.??.??"]
[Round "5"]
[White "Hjorth, Torben"]
[Black "Jacobsen, Bo"]
[Result "1-0"]
[WhiteElo "2200"]
[BlackElo "2325"]

1. e4 e5 2. Nf3 Nc6 3. Bb5 Nf6 4. d4 Nxe4 5. dxe5 Be7 6. Qe2 d5 7. exd6
Nxd6 8. Bxc6+ bxc6 9. Ne5 Bb7 10. O-O O-O 11. Nc3 c5 12. Bf4 Nf5 13.
Rad1 Nd4 14. Qd3 Bd6 15. Rfe1 Qf6 16. Bg3 Rae8 17. Nd7 Qh6 18. Nxf8
Rxf8 19. Ne4 1-0

[Event "AaM"]
[Site "Aarhus"]
[Date "1984.??.??"]
[Round "5"]
[White "Rasmussen, Karsten"]
[Black "Sorensen, Torben N"]
[Result "1/2-1/2"]
[WhiteElo "2200"]
[BlackElo "2200"]

1. e4 c5 2. Nf3 e6 3. c3 d5 4. exd5 Qxd5 5. d4 Nc6 6. Be2 cxd4 7. cxd4
Nf6 8. O-O Be7 9. Nc3 Qd8 10. Bg5 O-O 11. Rc1 Nd5 12. Bxe7 Ncxe7 13.
Bd3 b6 14. Ne5 Bb7 15. Re1 Rc8 16. Bb1 Ng6 17. Nxg6 hxg6 18. Qg4 Qd6
19. Ne4 Qf4 20. Qxf4 Nxf4 21. Rxc8 Rxc8 22. Nd6 Rc7 23. Nxb7 Rxb7 24.
g3 Nd5 25. Rc1 Kf8 26. Kf1 Ke7 27. Ke2 g5 28. h3 Kd6 1/2-1/2

[Event "AaM"]
[Site "Aarhus"]
[Date "1984.??.??"]
[Round "5"]
[White "Schmidt, Kristen"]
[Black "Jensen, Vagn"]
[Result "1-0"]
[WhiteElo "2235"]
[BlackElo "2205"]

1. e4 e5 2. Nf3 Nc6 3. Bb5 f5 4. Nc3 Nf6 5. exf5 e4 6. Ng5 d5 7. d3 h6
8. Ne6 Bxe6 9. fxe6 Qd6 10. dxe4 Qxe6 11. O-O dxe4 12. Re1 Bb4 13. Qd4
O-O 14. Bxc6 Bxc3 15. Qxc3 bxc6 16. Qb3 Rfe8 17. Qxe6+ Rxe6 18. c4 Rd8
19. Bf4 Re7 20. Rad1 Red7 21. Rxd7 Rxd7 22. h3 Kf7 23. Kf1 Ke6 24. Ke2
Kf5 25. Bh2 h5 26. Rd1 Rxd1 27. Kxd1 Ne8 28. Ke2 c5 29. Ke3 c6 30. Bb8
a6 31. Ba7 Nd6 32. b3 Nb7 33. Bb6 g5 34. Bc7 g4 35. hxg4+ hxg4 36. g3
1-0

[Event "AaM"]
[Site "Aarhus"]
[Date "1984.??.??"]
[Round "6"]
[White "Brautsch, Soren"]
[Black "Schmidt, Kristen"]
[Result "1/2-1/2"]
[WhiteElo "2200"]
[BlackElo "2235"]

1. e4 c6 2. d4 d5 3. e5 Bf5 4. h4 h5 5. c4 e6 6. Nc3 Nd7 7. cxd5 cxd5
8. Bg5 Be7 9. Qd2 a6 10. Be2 Nb6 11. Nf3 Rc8 12. Rc1 Nc4 13. Bxc4 Rxc4
14. O-O Qa5 15. Bxe7 Nxe7 16. Ne4 Qxd2 17. Nd6+ Kf8 18. Nxd2 Rxd4 19.
Nf3 Rb4 20. Rc7 Rxb2 21. Rfc1 g5 22. Rxe7 Kxe7 23. Rc7+ Kf8 24. Rxf7+
Kg8 25. Nxg5 Rh7 26. Nxh7 Bxh7 27. Rxb7 Rxa2 28. Ne8 Bf5 29. Nf6+ Kf8
30. Rd7 Bg6 31. g4 Ra4 32. gxh5 Bf7 33. h6 Rxh4 34. h7 Kg7 35. Rd8 Rxh7
36. Nxh7 Kxh7 37. Ra8 Kg6 38. Rxa6 Kf5 39. Ra7 Bh5 40. Rh7 Be2 41. Rh2
d4 42. f4 d3 43. Rxe2 dxe2 44. Kf2 Kxf4 45. Kxe2 Ke4 46. Kd2 Kd5 47.
Ke2 1/2-1/2

[Event "AaM"]
[Site "Aarhus"]
[Date "1984.??.??"]
[Round "6"]
[White "Hjorth, Torben"]
[Black "Christensen, Jan Schleicher"]
[Result "0-1"]
[WhiteElo "2200"]
[BlackElo "2200"]

1. Nf3 Nf6 2. g3 b6 3. Bg2 Bb7 4. d3 e6 5. O-O c5 6. c4 d6 7. Nbd2 Be7
8. b3 O-O 9. Bb2 Nbd7 10. Qc2 a6 11. e3 Rc8 12. Rfe1 Qc7 13. Rad1 Qb8
14. Nf1 Qa8 15. Qe2 b5 16. h3 bxc4 17. bxc4 Rb8 18. Ba1 Bc6 19. g4 Rfc8
20. Ng3 Ne8 21. g5 Rb6 22. h4 Rcb8 23. Nh5 R8b7 24. Nf4 Qb8 25. h5 Nf8
26. Qc2 Rb4 27. Rc1 e5 28. Nd5 Bxd5 29. cxd5 Rg4 30. Kf1 f6 31. Bh3
Rgb4 32. Bc3 R4b5 33. d4 cxd4 34. exd4 Rxd5 35. gxf6 Bxf6 36. dxe5 dxe5
37. Qa4 Rf7 38. Qxa6 Kh8 39. Ba1 e4 40. Rc8 Qf4 41. Rxe8 exf3 42. Qa8
Qc4+ 43. Kg1 Qc5 44. Rc8 Qd6 45. Qc6 Rg5+ 46. Kh1 Qb4 47. Rce8 Bxa1
48. Rxa1 Rxh5 49. Qc8 Rf6 50. Rae1 Rxh3+ 51. Qxh3 Rh6 52. Qxh6 gxh6
53. R1e4 Qb1+ 54. Kh2 Kg7 55. Rf4 Ng6 56. Rxf3 Qxa2 57. Ree3 Qa4 58.
Ra3 Qh4+ 59. Kg1 Qg4+ 60. Kh2 Qd7 61. Rab3 h5 62. Ra3 h4 63. Rab3 Ne5
64. Rfc3 Ng4+ 65. Kg2 Qd5+ 66. Kg1 Qe5 67. Rf3 h3 68. Rb7+ Kg8 0-1

[Event "AaM"]
[Site "Aarhus"]
[Date "1984.??.??"]
[Round "6"]
[White "Jacobsen, Bo"]
[Black "Sorensen, Torben N"]
[Result "1/2-1/2"]
[WhiteElo "2325"]
[BlackElo "2200"]

1. c3 b6 2. a4 c5 3. e4 Bb7 4. Bd3 Nf6 5. Qe2 e6 6. Nf3 Be7 7. O-O O-O
8. Re1 Nc6 9. Bc2 a6 10. d3 b5 11. Be3 d5 12. e5 Nd7 13. d4 cxd4 14.
Bxd4 b4 15. Nbd2 bxc3 16. bxc3 Rc8 17. Rab1 Nxd4 18. cxd4 Rxc2 19. Rxb7
a5 20. Qb5 Rc7 21. Nb3 Rxb7 22. Qxb7 Bb4 23. Rc1 Nb6 24. Rc7 Nxa4 25.
h4 h6 26. Qc6 Nb2 27. Nc5 Bxc5 28. dxc5 Nc4 29. Rb7 Qc8 30. Qb5 a4 31.
c6 a3 32. Ra7 Qb8 33. Qa4 Nxe5 34. Nxe5 Qxe5 35. Qxa3 Qe1+ 36. Kh2 Qxf2
37. Ra8 Qxh4+ 38. Kg1 Qe1+ 39. Kh2 Qh4+ 40. Kg1 Qe1+ 41. Kh2 Qe5+
1/2-1/2

[Event "AaM"]
[Site "Aarhus"]
[Date "1984.??.??"]
[Round "6"]
[White "Jensen, Vagn"]
[Black "Rasmussen, Karsten"]
[Result "1/2-1/2"]
[WhiteElo "2205"]
[BlackElo "2200"]

1. e4 c6 2. d4 d5 3. Nd2 dxe4 4. Nxe4 Bf5 5. Ng3 Bg6 6. h4 h6 7. f4 e6
8. h5 Bh7 9. Nf3 Nf6 10. Bd3 Bxd3 11. Qxd3 Bd6 12. Bd2 Nbd7 13. O-O-O
O-O 14. Ne4 Nxe4 15. Qxe4 Nf6 16. Qe2 Qc7 17. Ne5 c5 18. dxc5 Qxc5 19.
Rh3 Rfd8 20. Kb1 Bxe5 21. fxe5 Ne4 22. Re3 Nxd2+ 23. Rxd2 Qb6 24. a3
Rxd2 25. Qxd2 Rd8 26. Qe1 Rd5 27. Rd3 Rxd3 28. cxd3 Qd4 29. Qg3 Qg1+
30. Kc2 Qf1 31. Qg4 Qf2+ 32. Kb3 Qe3 33. Qe4 Qxe4 34. dxe4 g6 35. g4
gxh5 36. gxh5 Kf8 37. Kc4 Ke7 38. Kc5 Kd7 39. b3 Kc7 40. Kb5 Kd7
1/2-1/2

[Event "AaM"]
[Site "Aarhus"]
[Date "1984.??.??"]
[Round "7"]
[White "Christensen, Jan Schleicher"]
[Black "Jacobsen, Bo"]
[Result "0-1"]
[WhiteElo "2200"]
[BlackElo "2325"]

1. Nc3 b6 2. e4 g6 3. d4 a5 4. Bc4 Ba6 5. Bb3 b5 6. a4 b4 7. Qf3 e6 8.
Nce2 d6 9. h4 h6 10. Nf4 Bg7 11. Nge2 Qd7 12. e5 d5 13. Nd3 Ne7 14. Nc5
Qc8 15. Nf4 Nf5 16. c3 Ra7 17. Bd2 Nc6 18. g4 Nfxd4 19. cxd4 Nxd4 20.
Qe3 Bxe5 21. O-O-O Bg7 22. Nxd5 c6 23. Nf4 O-O 24. Ba2 Qb8 25. Qe4 b3
26. Bb1 Bc4 27. Bc3 Qxf4+ 28. Qxf4 Ne2+ 29. Kd2 Bxc3+ 30. bxc3 Nxf4 0-1

[Event "AaM"]
[Site "Aarhus"]
[Date "1984.??.??"]
[Round "7"]
[White "Rasmussen, Karsten"]
[Black "Brautsch, Soren"]
[Result "1/2-1/2"]
[WhiteElo "2200"]
[BlackElo "2200"]

1. c4 Nf6 2. g3 c6 3. Nf3 d5 4. b3 g6 5. Bg2 Bg7 6. Bb2 O-O 7. O-O Re8
8. Qc2 Bg4 9. Ne5 Bxe2 10. Re1 Bg4 11. Nxg4 Nxg4 12. Bxg7 Kxg7 13. Nc3
dxc4 14. bxc4 Qd4 15. Ne4 Na6 16. Rab1 Nc5 17. Qc3 Qxc3 18. dxc3 Nxe4
19. Rxe4 Nf6 20. Re2 Rab8 21. Reb2 Red8 22. c5 a5 23. Bxc6 Rbc8 24.
Bxb7 Rxc5 25. Rc1 Rb8 26. Rbb1 Rc7 27. Be4 Rbc8 28. Bb7 Rb8 29. Be4
Rbc8 30. Bb7 1/2-1/2

[Event "AaM"]
[Site "Aarhus"]
[Date "1984.??.??"]
[Round "7"]
[White "Schmidt, Kristen"]
[Black "Hjorth, Torben"]
[Result "1-0"]
[WhiteElo "2235"]
[BlackElo "2200"]

1. d4 Nf6 2. Nf3 g6 3. Bf4 Bg7 4. e3 d6 5. h3 O-O 6. Be2 Nbd7 7. c4 Qe8
8. Nc3 e5 9. Bh2 Qe7 10. O-O c6 11. b4 Ne8 12. b5 f5 13. bxc6 bxc6 14.
Qa4 Bb7 15. c5 Kh8 16. Rab1 exd4 17. exd4 Ndf6 18. cxd6 Qd7 19. Ne5 Qd8
20. Qb4 1-0

[Event "AaM"]
[Site "Aarhus"]
[Date "1984.??.??"]
[Round "7"]
[White "Sorensen, Torben N"]
[Black "Jensen, Vagn"]
[Result "0-1"]
[WhiteElo "2200"]
[BlackElo "2205"]

1. Nf3 Nf6 2. c4 d6 3. g3 g6 4. Bg2 Bg7 5. Nc3 O-O 6. O-O e5 7. d3 Nc6
8. Rb1 h6 9. b4 Nh5 10. b5 Ne7 11. Nd2 f5 12. Qb3 Kh7 13. a4 Rb8 14.
Ba3 Be6 15. a5 b6 16. axb6 axb6 17. Bb2 Nf6 18. Nd5 Nexd5 19. cxd5 Bf7
20. Ra1 Nd7 21. Ra7 Nc5 22. Qc4 Ra8 23. Rfa1 Rxa7 24. Rxa7 Qb8 25. Ra1
Qb7 26. d4 exd4 27. Bxd4 Ra8 28. Bxg7 Kxg7 29. Qd4+ Kg8 30. Re1 Re8
31. e4 Bxd5 32. Re3 fxe4 33. f3 Bf7 34. fxe4 Qa8 35. h4 Qa4 36. Qf6
Qd1+ 37. Nf1 Qg4 38. Bf3 Qe6 39. Qc3 Qc4 40. Qf6 Qe6 41. Qc3 Qe5 42.
Qc1 Ra8 43. Re2 Kg7 44. Kg2 Ra1 45. Qc2 Bb3 46. Qb2 Bc4 47. Qxe5+ dxe5
48. Rf2 Nd3 49. Rd2 Ne1+ 50. Kf2 Nxf3 51. Rd7+ Bf7 52. Ne3 Nd4 53. Ng4
Ra2+ 54. Kf1 Nf3 55. Rxc7 Nh2+ 0-1

[Event "AaM"]
[Site "Aarhus"]
[Date "1984.??.??"]
[Round "3"]
[White "Schmidt, Kristen"]
[Black "Rasmussen, Karsten"]
[Result "1/2-1/2"]
[WhiteElo "2235"]
[BlackElo "2200"]

1. d4 d5 2. Nc3 Nf6 3. Bg5 c6 4. Qd3 g6 5. Bxf6 exf6 6. e4 dxe4 7.
Qxe4+ Qe7 8. O-O-O Qxe4 9. Nxe4 f5 10. Nd2 Be6 11. Bc4 Bxc4 12. Nxc4
Nd7 13. Nf3 O-O-O 14. Kb1 f6 15. Rhe1 Nb6 16. Nxb6+ axb6 17. Re6 Rd6
18. Re8+ Kc7 19. Rde1 Bg7 20. R1e7+ Rd7 21. Rxd7+ Kxd7 22. Rxh8 Bxh8
23. c4 g5 24. Kc2 Ke6 25. Kd3 Bg7 26. Nd2 Bf8 27. Nb3 Bd6 28. h3 Be7
29. a4 g4 30. Nc1 Bd6 31. Ne2 gxh3 32. gxh3 Kf7 33. Ke3 Kg6 34. Kf3 Kg5
35. Nc1 c5 36. d5 f4 37. Kg2 Kf5 38. f3 Ke5 39. Ne2 f5 40. Kf2 1/2-1/2

[Event "AaM"]
[Site "Aarhus"]
[Date "1984.??.??"]
[Round "3"]
[White "Hjorth, Torben"]
[Black "Jensen, Vagn"]
[Result "0-1"]
[WhiteElo "2200"]
[BlackElo "2205"]

1. e4 c5 2. Nf3 e6 3. Nc3 a6 4. d4 cxd4 5. Nxd4 d6 6. Bc4 Nf6 7. Qe2
Be7 8. Be3 b5 9. Bb3 O-O 10. O-O-O b4 11. Na4 Qc7 12. f3 Bd7 13. Nb6
Qxb6 14. Nxe6 Qb7 15. Nxf8 Kxf8 16. g4 Nc6 17. h4 Na5 18. h5 Nxb3+ 19.
axb3 a5 20. g5 Ng8 21. g6 hxg6 22. hxg6 fxg6 23. Rh8 Be6 24. Bd4 Bg5+
25. Kb1 a4 26. bxa4 b3 27. Qb5 Rc8 28. Bc3 Qxb5 29. axb5 Bf4 30. cxb3
Bxb3 31. Rd4 Rb8 32. Rb4 Bd1 33. Rh3 Kf7 34. b3 Nf6 35. Kb2 Nd7 36. Bd4
Nc5 37. Kc3 Be2 38. b6 g5 39. Rh7 Ne6 40. Ra4 Nxd4 41. Kxd4 Kg6 42. Rh1
Rxb6 43. Rb1 Bxf3 44. b4 Be2 45. Ra2 Bb5 46. Rg2 Rc6 47. Ra2 g4 48. Ra5
Rb6 49. Ra2 g3 50. Rg2 Kg5 51. Ra2 Kg4 52. Rc2 Ra6 53. Rc7 Be5+ 54. Kd5
g2 55. Rcc1 Bd3 56. b5 Rb6 0-1

[Event "AaM"]
[Site "Aarhus"]
[Date "1984.??.??"]
[Round "3"]
[White "Christensen, Jan Schleicher"]
[Black "Sorensen, Torben N"]
[Result "0-1"]
[WhiteElo "2200"]
[BlackElo "2200"]

1. e4 c5 2. Nf3 e6 3. d4 cxd4 4. Nxd4 a6 5. c4 Nf6 6. Nc3 d6 7. Be2
Nbd7 8. f4 b6 9. Bf3 Bb7 10. O-O Qc7 11. Qe2 Rc8 12. e5 Bxf3 13. Nxf3
dxe5 14. fxe5 Ng4 15. Ng5 Qxc4 16. Qd1 Bc5+ 17. Kh1 O-O 18. Nce4 Ngxe5
19. Rf4 Qd3 20. Qe1 h6 21. Nh3 Qc2 22. Nxc5 Rxc5 23. Rf2 Nd3 24. Rxc2
Nxe1 25. Rxc5 Nxc5 26. Bxh6 Ned3 27. Bc1 Rd8 28. Ng5 f6 29. Nf3 e5 30.
Be3 Nxb2 31. h4 Kf7 32. Kh2 Rd1 33. Rxd1 Nxd1 34. Bxc5 bxc5 35. Nd2 Ke6
36. g4 Kd5 37. Kg3 c4 38. g5 fxg5 39. h5 e4 0-1

[Event "AaM"]
[Site "Aarhus"]
[Date "1984.??.??"]
[Round "3"]
[White "Brautsch, Soren"]
[Black "Jacobsen, Bo"]
[Result "0-1"]
[WhiteElo "2200"]
[BlackElo "2325"]

1. e4 e5 2. Nf3 Nc6 3. Bc4 d6 4. d4 exd4 5. Nxd4 g6 6. Nc3 Bg7 7. Be3
Nf6 8. f3 O-O 9. Qd2 Ne5 10. Be2 Re8 11. Bg5 a6 12. f4 Ned7 13. O-O h6
14. Bxf6 Nxf6 15. Bf3 c6 16. Rfe1 Qb6 17. Kh1 Qxb2 18. Na4 Qa3 19. Nb6
Rb8 20. Nc4 Qc5 21. Nxd6 Qxd6 22. e5 Qd8 23. exf6 Rxe1+ 24. Rxe1 Bxf6
25. Nb3 Be6 26. Qf2 Qd6 27. Be4 Bc4 28. Qf3 Re8 29. f5 g5 30. h3 Qf4
31. Qe3 Qxe3 32. Rxe3 Bd5 33. Nd2 Bd4 34. Rd3 Bxe4 35. Rxd4 Bxf5 36. c4
Re1+ 37. Kh2 Ra1 38. c5 Rxa2 39. Nc4 Be6 40. Nd6 a5 41. Kg1 a4 42. Nxb7
Bd5 43. g4 a3 0-1

[Event "AaM"]
[Site "Aarhus"]
[Date "1984.??.??"]
[Round "2"]
[White "Sorensen, Torben N"]
[Black "Hjorth, Torben"]
[Result "1-0"]
[WhiteElo "2200"]
[BlackElo "2200"]

1. Nf3 f5 2. b3 Nf6 3. Bb2 e6 4. g3 Be7 5. Bg2 O-O 6. O-O d6 7. d4 Qe8
8. Nbd2 a5 9. a3 Nc6 10. Ne1 Nd7 11. Nd3 Bf6 12. d5 Nd8 13. dxe6 Nxe6
14. Bxf6 Nxf6 15. e4 fxe4 16. Nxe4 Nxe4 17. Bxe4 c6 18. Bg2 Qg6 19. Qd2
a4 20. b4 Qf6 21. Rae1 Bd7 22. c4 Ng5 23. Nf4 Nf7 24. Re2 Rae8 25. h4
Rxe2 26. Qxe2 Re8 27. Qc2 Ne5 28. c5 d5 29. Qxa4 Nc4 30. Nxd5 Qb2 31.
Qd1 cxd5 32. Bxd5+ Be6 33. Re1 Ne5 34. Qh5 Rf8 35. Bxe6+ Kh8 36. Qxe5
Qxf2+ 37. Kh1 Qf3+ 38. Kh2 Qxa3 39. Rf1 Ra8 40. Bc8 1-0

[Event "AaM"]
[Site "Aarhus"]
[Date "1984.??.??"]
[Round "2"]
[White "Rasmussen, Karsten"]
[Black "Christensen, Jan Schleicher"]
[Result "1-0"]
[WhiteElo "2200"]
[BlackElo "2200"]

1. c4 c5 2. g3 Nf6 3. Bg2 e6 4. Nf3 b6 5. Ne5 d5 6. Qa4+ Nbd7 7. cxd5
b5 8. dxe6 fxe6 9. Qf4 Bd6 10. Bxa8 Nxe5 11. O-O O-O 12. Nc3 Nfg4 13.
Qe4 Ba6 14. Bb7 Bxb7 15. Qxb7 Ng6 16. Qe4 Nf6 17. Qxe6+ Kh8 18. Ne4 Be5
19. Nxf6 Rxf6 20. Qg4 Nf4 21. d4 h5 22. dxe5 hxg4 23. Bxf4 Rxf4 24.
gxf4 Qd2 25. e3 Qxb2 26. Rab1 Qe2 27. Rfe1 Qc4 28. Rec1 Qd3 29. e6 b4
30. e7 Qe4 31. Rxb4 Qxe7 32. Rbc4 Qe6 33. e4 Kg8 34. a4 a5 35. e5 Qf5
36. Re1 Kf8 37. Rxc5 Qxf4 38. e6 1-0

[Event "AaM"]
[Site "Aarhus"]
[Date "1984.??.??"]
[Round "2"]
[White "Jensen, Vagn"]
[Black "Brautsch, Soren"]
[Result "1-0"]
[WhiteElo "2205"]
[BlackElo "2200"]

1. e4 Nf6 2. e5 Nd5 3. d4 d6 4. Nf3 Bg4 5. Be2 c6 6. O-O Bxf3 7. Bxf3
dxe5 8. dxe5 e6 9. Qe2 Nd7 10. c4 Ne7 11. Bf4 Ng6 12. Bg3 Qa5 13. Re1
Bb4 14. Nc3 Bxc3 15. bxc3 O-O 16. h4 Nc5 17. h5 Ne7 18. h6 Ng6 19. Bh5
Qxc3 20. hxg7 Kxg7 21. Bxg6 fxg6 22. Rad1 h5 23. f3 Rfd8 24. Rd6 Rf8
25. Bf2 Qa3 26. Red1 Rfe8 27. Bh4 Rf8 28. Qd2 Rae8 29. Bf6+ Rxf6 30.
exf6+ Kxf6 31. Qd4+ Kf7 32. Qf4+ Kg7 33. Rd8 e5 34. Qg5 Re6 35. Rh8 Nd3
36. Qh6+ Kf7 37. Rxd3 Qc5+ 38. Kh1 Rf6 39. Qh7+ Ke6 40. Qd7# 1-0

[Event "AaM"]
[Site "Aarhus"]
[Date "1984.??.??"]
[Round "2"]
[White "Jacobsen, Bo"]
[Black "Schmidt, Kristen"]
[Result "0-1"]
[WhiteElo "2325"]
[BlackElo "2235"]

1. c4 Nf6 2. Nc3 g6 3. g3 Bg7 4. Bg2 O-O 5. d3 c5 6. Bd2 Nc6 7. a3 Rb8
8. Rb1 a6 9. b4 cxb4 10. axb4 b5 11. Nd5 bxc4 12. dxc4 Nxd5 13. cxd5
Ne5 14. Nf3 Nc4 15. Bf4 Bc3+ 16. Kf1 Nd6 17. h4 a5 18. h5 Rxb4 19. hxg6
hxg6 20. Rc1 Bg7 21. Nd2 Ba6 22. Bf3 Rb2 23. Kg2 e5 24. dxe6 dxe6 25.
Qg1 Re8 26. Qh2 Nf5 27. Nc4 e5 28. Qh7+ Kf8 29. Rhd1 Qe7 30. Bd2 e4
31. Bg4 Rxd2 32. Rxd2 e3 33. fxe3 Bxc4 34. Bxf5 Qxe3 35. Rxc4 Qxd2 36.
Bd3 Rxe2+ 37. Kh3 Rh2+ 38. Kg4 Rxh7 39. Bxg6 fxg6 40. Rf4+ Qxf4+ 41.
Kxf4 0-1

[Event "AaM"]
[Site "Aarhus"]
[Date "1984.??.??"]
[Round "1"]
[White "Hjorth, Torben"]
[Black "Rasmussen, Karsten"]
[Result "0-1"]
[WhiteElo "2200"]
[BlackElo "2200"]

1. e4 c6 2. d4 d5 3. Nd2 dxe4 4. Nxe4 Nf6 5. Nxf6+ gxf6 6. c3 Bf5 7.
Ne2 Nd7 8. Ng3 Bg6 9. Be2 Qc7 10. h4 h6 11. Be3 e6 12. Nh5 O-O-O 13.
Qa4 Kb8 14. c4 Nb6 15. Qb3 Bxh5 16. Bxh5 Nxc4 17. O-O Nxe3 18. Qxe3 f5
19. Rfd1 Bg7 20. Rab1 f4 21. Qe4 Bf6 22. b4 Bxh4 23. b5 c5 24. dxc5
Bxf2+ 25. Kxf2 Qxc5+ 26. Kf1 Qxh5 27. Rxd8+ Rxd8 28. Qxf4+ e5 29. Qf6
Rg8 30. Kg1 Qe2 31. Qf1 Qxa2 32. Re1 Qd5 33. Re2 Qd4+ 34. Rf2 Rg4 0-1

[Event "AaM"]
[Site "Aarhus"]
[Date "1984.??.??"]
[Round "1"]
[White "Christensen, Jan Schleicher"]
[Black "Schmidt, Kristen"]
[Result "1/2-1/2"]
[WhiteElo "2200"]
[BlackElo "2235"]

1. e4 c6 2. Nc3 d5 3. Nf3 Bg4 4. h3 Bxf3 5. Qxf3 Nf6 6. e5 Nfd7 7. d4
e6 8. Qg3 Qb6 9. Bd3 Qxd4 10. O-O Qxe5 11. Bf4 Qd4 12. Ne2 Qc5 13. b4
Qe7 14. Nd4 Qxb4 15. Nf5 Na6 16. Rab1 Qa5 17. Rxb7 exf5 18. Qe3+ Be7
19. Bd6 O-O 20. Qxe7 Ndc5 21. Bxa6 Nxa6 22. Qg5 Nc5 23. Bxf8 Rxf8 24.
Re7 g6 25. Qf6 Qd8 26. Qe5 Qa5 27. Rb1 Qxa2 28. Ra1 Qxc2 29. Raxa7 Qe4
30. Qc7 Ne6 31. Qxc6 Qe1+ 32. Kh2 Qxf2 33. Rxf7 Qf4+ 34. Kh1 Qf1+ 35.
Kh2 Qf4+ 1/2-1/2

[Event "AaM"]
[Site "Aarhus"]
[Date "1984.??.??"]
[Round "1"]
[White "Brautsch, Soren"]
[Black "Sorensen, Torben N"]
[Result "1/2-1/2"]
[WhiteElo "2200"]
[BlackElo "2200"]

1. e4 c5 2. Nf3 e6 3. d4 cxd4 4. Nxd4 a6 5. Nc3 Qc7 6. g3 b6 7. Bg2 Bb7
8. O-O d6 9. Be3 Nd7 10. Qd2 Ngf6 11. Nde2 Be7 12. h3 O-O 13. g4 Rfd8
14. Ng3 Rac8 15. Rad1 Bf8 16. Bg5 h6 17. Bf4 Ne5 18. g5 Nc4 19. Qe2 Nh7
20. Bc1 hxg5 21. f4 gxf4 22. Rxf4 g6 23. Rdf1 Ne5 24. Be3 Bh6 25. R4f2
Bxe3 26. Qxe3 Kg7 27. Nce2 b5 28. Nd4 Qd7 29. Nf3 Nxf3+ 30. Rxf3 Rf8
31. Rf4 Qe7 32. Rg4 Rc5 33. Qd4+ Kg8 34. Qe3 Nf6 35. Rg5 Nd7 36. Rxc5
Nxc5 37. Qh6 Rc8 38. h4 Qf8 39. Qg5 Nd7 40. h5 Rc5 41. Qg4 Qg7 42. hxg6
Qxg6 43. Qxg6+ fxg6 44. Bh3 Nf8 45. Rf2 Kg7 46. Rd2 Rc6 47. Bg2 Nd7
48. Ne2 Kf7 49. Nf4 Ne5 50. c3 Ke7 51. Nd3 Nxd3 52. Rxd3 Rc7 53. Kf2
Kf6 54. Rxd6 Ke5 55. Rb6 Rf7+ 56. Ke3 g5 57. Bh3 Bc8 58. Rc6 Rh7 59.
Bg4 Rh8 60. Rc5+ Kf6 61. e5+ Ke7 62. Rc7+ Kd8 63. Rg7 Rh2 64. b4 Bd7
65. Rg8+ Kc7 66. Rg6 Rxa2 67. Bxe6 Bxe6 68. Rxe6 Kd7 69. Rg6 a5 70.
bxa5 Rxa5 71. Kd4 g4 72. Ke4 Ra3 73. Kd4 1/2-1/2